| 000 | 00592nam a2200169Ia 4500 | ||
|---|---|---|---|
| 003 | GCL | ||
| 008 | 140319s9999 xx 000 0 ara d | ||
| 040 |
_aGCL / _cGCL |
||
| 082 | 0 | 4 |
_a001.6 _bخ م |
| 100 | 1 | _aالخبراء العرب فى الهندسة | |
| 245 | 1 | 0 |
_aمعسكرات الكوميوتر العربية حيث التعلم متعة / _cالخبراء العرب فى الهندسة |
| 300 | _a97 ص | ||
| 490 |
_aالهيئة العامة للاستعلامات _v0 |
||
| 650 | 0 | 4 | _aالحاسبات الالكترونية |
| 650 | 0 | 4 | _aالمعسكرات |
| 942 |
_2ddc _cBK |
||
| 999 |
_c51949 _d51949 |
||